000
002990000a22000970004500
100
1
_a
Salinas, Daniel
245
1
0
_a
Historical perspective on evangelism and discipleship in Latin America
300
_a
Vol.86, núm.1 (March-june, 2006), Páginas 6-7
773
0
_t
Latin America Evangelist
942
_c
ANA
999
_c
61351
_d
61351